| 000 | 00491nam a2200181 a 4500 | ||
|---|---|---|---|
| 005 | 20240924071150.0 | ||
| 008 | 991125s1992 es 000 0 spa u | ||
| 020 | _a8426126987 | ||
| 035 | _aUPN01000000189 | ||
| 049 | _aI | ||
| 050 | 4 |
_aPZ7 _bB4.2 |
|
| 100 | 1 | _aBeá, Josep María | |
| 245 | 1 | 0 |
_aABC de papel / _cJosep María Béa. |
| 260 |
_aBarcelona, Esp. : _bJuventud, _c1992. |
||
| 300 |
_a[29] p. : _bprincipalmente il. col. |
||
| 650 | 4 |
_aLiteratura infantil _94445 |
|
| 905 | _aInfantil | ||
| 999 |
_c189 _d189 |
||